Séries TV: Quel acteur (ou actrice) incarne... - Statistiques

Statistiques générales
  • Ce quiz a été pris 223 fois
  • Le résultat moyen est 11 sur 30
Statistiques - réponses
Hint Extra Hint Réponse % Correct
Rachel Green Friends Jennifer Aniston
81%
Silene Oliveira "Tokyo" La Casa de Papel Úrsula Corberó
68%
Elisabeth "Beth" Harmon Le Jeu de la Dame Anya Taylor-Joy
64%
Walter White Breaking Bad Bryan Cranston
58%
Dr Shaun Murphy Good Doctor Freddie Highmore
51%
Arya Stark Games of Thrones Maisie Williams
51%
Joyce Byers Stranger Things Winona Ryder
50%
Daryl Dixon The Walking Dead / Daryl Dixon Norman Reedus
47%
Thomas Magnum Magnum Tom Selleck
45%
Kate Austen Lost: Les Disparus Evangeline Lilly
39%
Frank Underwood House of Cards Kevin Spacey
39%
Sara Tancredi Prison Break Sarah Wayne Callies
39%
Dylan McKay Beverly Hills 90210 Luke Perry
38%
Dexter Morgan Dexter Michael C. Hall
38%
Din Djarin (The Mandalorian) The Mandalorian Pedro Pascal
35%
Octavia Blake The 100 Marie Avgeropoulos
32%
Jack Bauer 24 Heures Chrono Kiefer Sutherland
31%
Charles Ingalls La Petite Maison dans la Prairie Michael Landon
30%
Sydney Bristow Alias Jennifer Garner
25%
June Osborne / Dejoseph / Defred The Handmaid’s Tale: La Servante écarlate Elisabeth Moss
24%
Christian Troy Nip/Tuck Julian McMahon
24%
JR Ewing Dallas Larry Hagman
22%
James The End of the F***ing World Alex Lawther
19%
John Steed Chapeau Melon et Bottes de Cuir Patrick Macnee
19%
Piper Chapman Orange is the new black Taylor Schilling
19%
Raymond Reddington "Red" Blacklist James Spader
18%
Guinevere Beck You Elizabeth Lail
16%
Thomas Wade Le Problème à 3 Corps Liam Cunningham
13%
Anastasia / Carrie Hopewell Banshee Ivana Miličević
11%
Carol Pilbasian The Last Man on Earth Kristen Schaal
8%
Aucun quiz correspondant
Distribution des résultats
% des personnes avec chaque résultat
Percentile par nombre de réponses
Votre historique - résultats
Vous n’avez pas pris ce quiz